000
00254nam a22001217a 4500
999
_c
165157
_d
165157
020
_a
082
_a
_b
100
_a
Vidhyanivaz Misra
245
_a
Ajneya/
_c
by Vidhyanivaz Misra.
260
_a
New Delhi:
_b
Rajpal,
_c
650
_a
942
_c
BK